Union Cabinet Ministers of India - Statistics

General Stats
  • This quiz has been taken 192 times
  • The average score is 4 of 20
Answer Stats
Authority
Minister of-
Incharge % Correct
Defence Rajnath Singh
100%
Home Affairs Amit Shah
83%
Women & Child Development Smriti Irani
75%
Road Transport & highways Nitin Gadkari
67%
Commerce & Industry Piyush Goyal
67%
Petroleum & Natural Gas Dharmendra Pradhan
50%
Finance Nirmala Sitharaman
50%
External affairs Subramanyam Jaishankar
50%
Human Resource Development Ramesh Pokhriyal
20%
Tribal Affairs Arjun Munda
0%
Heavy Industries & Public Enterprises Arvind Sawant
0%
Steel Dharmendra Pradhan
0%
Chemicals & Fertilizers D.V Sadananda Gowda
0%
Jal Shakti Gajendra Singh Sekhawat
0%
Animal Husbandry, Dairying & Fisheries Giriraj Singh
0%
Health & Family Welfare Harsh Vardhan
0%
Skill Development & entrepreneurship Mahendra Nath Pandey
0%
Minority Affairs Mukhtar Abbas Naqvi
0%
Corporate Affairs Nirmala Sitharaman
0%
Micro, Small & Medium Industries Nitin Gadkari
0%
Railways Piyush Goyal
0%
Environment Prakash Javedkar
0%
Forest & Climate Change Prakash Javedkar
0%
Information and Broadcasting Prakash Javedkar
0%
Parliamentary Affairs Pralhad Joshi
0%
Mines Pralhad Joshi
0%
Coal Pralhad Joshi
0%
Consumer Affairs Ram Vilas Paswan
0%
Food and Public Distribution Ram Vilas Paswan
0%
Law & Justice Ravi Shankar Prasad
0%
Communications Ravi Shankar Prasad
0%
Electronics & Information Technology Ravi Shankar Prasad
0%
Textiles Smriti Irani
0%
Social Justice Thavar Chand Ghelot
0%
No matching quizzes found
Score Distribution
Percent of People with Each Score
Percentile by Number Answered
Your Score History
You have not taken this quiz